Chinese dress : from the Qing dynasty to the present
| Main Author: | |
|---|---|
| Format: | Book |
| Published: |
Tokyo :
Tuttle Publishing ,
2007
|
| Subjects: |
MARC
| LEADER | 00000cam a2200000 7i4500 | ||
|---|---|---|---|
| 001 | 0000028170 | ||
| 005 | 20091117.0 | ||
| 008 | 091117 | ||
| 020 | |a 0804836639 | ||
| 090 | 0 | 0 | |a 391.0951 |b GAR |
| 100 | 1 | |a Garrett, Valery | |
| 245 | 1 | 0 | |a Chinese dress : |b from the Qing dynasty to the present |c Valery Garrett |
| 260 | |a Tokyo : |b Tuttle Publishing , |c 2007 | ||
| 650 | 0 | |a Clothing and dress |z China |x history | |
| 651 | 0 | |a China |x history |x Qing Dynasty, 1644-1912 | |
| 651 | 0 | |a China |x history |x republic, 1912-1949 | |
| 999 | |a 0001064772 |b Book |c REFERENCE |e Perbadanan Perpustakaan Awam Johor | ||